[Event "Scarborough CC LH Summer U1700"]
[Site "Toronto"]
[Date "2010.04.29"]
[Round "1"]
[White "Walker, Johnny"]
[Black "Green, Derek"]
[Result "1-0"]
[WhiteElo "1543"]
[BlackElo "1336"]
[PlyCount "75"]
[EventDate "2010.04.29"]
[EventType "swiss"]
[EventRounds "8"]
[EventCountry "CAN"]
[SourceTitle "EXT 2022"]
[Source "ChessBase"]
[SourceDate "2021.10.06"]
[SourceVersion "1"]
[SourceVersionDate "2021.10.06"]
[SourceQuality "1"]

1. Nf3 Nf6 2. d4 g6 3. Nc3 d5 4. Bf4 Bg7 5. e3 c6 6. Qd2 Bg4 7. Ne5 Be6 8. Be2 Nbd7 9. 0-0-0 0-0 10. h4 Nxe5 11. Bxe5 Ng4 12. Bxg4 Bxg4 13. f3 Bd7 14. Bxg7 Kxg7 15. g4 e6 16. h5 Qe7 17. e4 Rh8 18. Rde1 h6 19. exd5 Qg5 20. Qxg5 hxg5 21. dxe6 Bxe6 22. hxg6 Kxg6 23. a3 Rad8 24. Rxh8 Rxh8 25. Re5 Rh3 26. Ne4 Rxf3 27. Rxg5+ Kh7 28. Ra5 a6 29. Ng5+ Kh6 30. Nxf3 Bxg4 31. Ne5 Be6 32. Rc5 Kg7 33. Nf3 Bd5 34. Ne5 f6 35. Nd7 f5 36. Nb6 Be4 37. Re5 Kf7 38. Nc4 1-0